000 00847nas a2200277 4500
001 BR9501390
003 BR-BrBNA
005 20231205093916.0
007 ta
008 230509b bl.|||p| |||| 00| 00por d
040 _aBR-BrBNA
_bpor
_cBiblioteca Nacional de Agricultura
041 _a(Pt)
072 _aH20
100 1 _aBrioso, P.S.T.
100 1 _aPimentel, J.P.
100 1 _aLouro, R.P.
100 1 _aKitajima, E.W.
100 1 _aOliveira, D.E.
245 1 _aAndean potato mottle virus - caracterizacao de uma estirpe infectando naturalmente berinjela (Solanum melongena)
650 _aBerinjela
650 _aVirus
650 _aRio de Janeiro
773 0 _tFitopatologia Brasileira (Brazil)
_xISSN 0100-4158
_g(Dec 1993), v. 18(4) p. 526-533
_wBR9501390
909 _a202311
_bLúcia
_c55
_dLúcia Elande
942 _2AGRIS
_n0
_cANA
999 _c141043
_d141043